Against all the odds (Record no. 80966)

MARC details
000 -LEADER
fixed length control field 01084cab a22002655a 4500
001 - CONTROL NUMBER
control field L145886
008 - FIXED-LENGTH DATA ELEMENTS--GENERAL INFORMATION
fixed length control field 081119e20081115xxko f g 000 0 eng d
035 ## - SYSTEM CONTROL NUMBER
System control number (Sirsi) u145886
041 0# - LANGUAGE CODE
Language code of text/sound track or separate title eng
100 1# - MAIN ENTRY--PERSONAL NAME
Personal name Mathias, Anna
245 00 - TITLE STATEMENT
Title Against all the odds
260 ## - PUBLICATION, DISTRIBUTION, ETC.
Date of publication, distribution, etc. 2008
490 ## - SERIES STATEMENT
Series statement Estates Gazette
Volume/sequential designation (0845) 15 November 2008, 94-95(2)
520 ## - SUMMARY, ETC.
Summary, etc. Authors look at the attempts by casino operators to apply for new licenses, after Parliament rejected an enabling order for super casinos in 2007. Describes the new, two-stage application process and explains what will happen next in the regional competition to gain the new licenses.
590 ## - LOCAL NOTE (RLIN)
Local note KA
650 24 - SUBJECT ADDED ENTRY--TOPICAL TERM
Topical term or geographic name entry element GAMBLING ACT 2005
650 24 - SUBJECT ADDED ENTRY--TOPICAL TERM
Topical term or geographic name entry element GAMING ACT 1968
650 24 - SUBJECT ADDED ENTRY--TOPICAL TERM
Topical term or geographic name entry element LICENSING ACT 2003
650 24 - SUBJECT ADDED ENTRY--TOPICAL TERM
Topical term or geographic name entry element R (ON THE APPLICATION OF BRITISH CASINO ASSOCIATION LTD) V SECRETARY OF STATE FOR CULTURE, MEDIA AND SPORT
651 #4 - SUBJECT ADDED ENTRY--GEOGRAPHIC NAME
Geographic name United Kingdom
Chronological subdivision
690 ## - LOCAL SUBJECT ADDED ENTRY--TOPICAL TERM (OCLC, RLIN)
Topical term or geographic name as entry element ENVIRONMENTAL AND LAND CONSULTANCY-PLANNING AND DEVELOPMENT-PLANNING GUIDANCE
700 1# - ADDED ENTRY--PERSONAL NAME
Personal name Cooper, Sarah
700 1# - ADDED ENTRY--PERSONAL NAME
Personal name Miller, Keith
942 ## - ADDED ENTRY ELEMENTS (KOHA)
Suppress in OPAC 0
Holdings
Withdrawn status Lost status Source of classification or shelving scheme Damaged status Not for loan Home library Current library Shelving location Date acquired Total Checkouts Full call number Barcode Date last seen Copy number Price effective from Koha item type
    Dewey Decimal Classification     London London Journal article 19/11/2008   L145886 145886-1001 06/08/2019 1 06/08/2019 Journal article